Giornale degli economisti e annali di economia

Enregistré dans:
Détails bibliographiques
Format: Publication en série
Langue:italien
Publié: Milano Universitá commerciale Luigi Bocconi 1977
Tags: Ajouter un tag
Pas de tags, Soyez le premier à ajouter un tag!

MARC

LEADER 00000nas2a2200000 4500
001 0013402
005 20250730114316.6
041 0 |a ita 
044 |a IT 
245 1 0 |a Giornale degli economisti e annali di economia 
264 1 |a Milano  |b Universitá commerciale Luigi Bocconi  |c 1977 
300 |a 1 zv. 
773 0 |w eu_un_cat*s120718